Southville International School and Colleges
Your cart is empty.
  • Cart
  • Lists
    Public lists Eva Luna New books Lux_list list_1
    Your lists Log in to create your own lists
  • Log in to your account
  • Your cookies
  • Search history
Southville International School and Colleges
  • Advanced search
  • Recent comments
  • Most popular
  • Libraries

Log in to your account

Log in with GOOGLE


If you do not have an external account, but do have a local account, you can still log in:

  1. Home
  2. MARC view: The dreamfighter and other creation tales /
Normal view MARC view ISBD view

The dreamfighter and other creation tales / (Record no. 8762)

[ view plain ]
MARC details
000 -LEADER
fixed length control field 00517nam a22001937a 4500
003 - CONTROL NUMBER IDENTIFIER
control field SISC
005 - DATE AND TIME OF LATEST TRANSACTION
control field 20160302085317.0
008 - FIXED-LENGTH DATA ELEMENTS--GENERAL INFORMATION
fixed length control field 130815t xxu||||| |||| 00| 0 eng d
020 ## - INTERNATIONAL STANDARD BOOK NUMBER
International Standard Book Number 0-571-17566-x
050 ## - LIBRARY OF CONGRESS CALL NUMBER
Classification number PR 6058
Item number .H893 1995
082 ## - DEWEY DECIMAL CLASSIFICATION NUMBER
Classification number HS 291.24
Item number H87 1995
100 ## - MAIN ENTRY--PERSONAL NAME
Personal name Hughes, Ted
9 (RLIN) 11019
245 ## - TITLE STATEMENT
Title The dreamfighter and other creation tales /
Statement of responsibility, etc Ted Hughes.
260 ## - PUBLICATION, DISTRIBUTION, ETC. (IMPRINT)
Place of publication, distribution, etc London :
Name of publisher, distributor, etc Faber & Faber,
Date of publication, distribution, etc 1995.
300 ## - PHYSICAL DESCRIPTION
Extent 150 p. ;
Dimensions 20 cm.
650 ## - SUBJECT ADDED ENTRY--TOPICAL TERM
Topical term or geographic name as entry element Fiction
9 (RLIN) 746
942 ## - ADDED ENTRY ELEMENTS (KOHA)
Source of classification or shelving scheme Library of Congress Classification
Koha item type Books
Holdings
Withdrawn status Lost status Source of classification or shelving scheme Damaged status Home library Current library Shelving location Date acquired Total Checkouts Full call number Barcode Date last seen Copy number Price effective from Koha item type
    Library of Congress Classification   Luxembourg Library Luxembourg Library High School Section 08/15/2013   PR 6058 .H893 1995 5909 08/15/2013 1 08/15/2013 Books

The dreamfighter and other creation tales /

APA

Hughes T., . (1995). The dreamfighter and other creation tales. London: Faber & Faber.

Chicago

Hughes Ted, . 1995. The dreamfighter and other creation tales. London: Faber & Faber.

Harvard

Hughes T., . (1995). The dreamfighter and other creation tales. London: Faber & Faber.

MLA

Hughes Ted, . The dreamfighter and other creation tales. London: Faber & Faber. 1995.

  • Place hold
  • Print
  • Cite
  • Add to your cart (remove)
  • Save record
    BIBTEX Dublin Core MARCXML MARC (non-Unicode/MARC-8) MARC (Unicode/UTF-8) MARC (Unicode/UTF-8, Standard) MODS (XML) RIS
  • More searches
    Search for this title in:
    Other Libraries (WorldCat) Other Databases (Google Scholar) Online Stores (Bookfinder.com) Open Library (openlibrary.org)

Exporting to Dublin Core...

SOUTHVILLE LIBRARY

Southville International School and Colleges Library

1281 Tropical Ave. Cor. Luxembourg St., BF Homes International, Las Pinas City

Tel. No. 8256374 / 252358 Loc. 117/146

Powered by Koha